| LEADER | 01647nam a2200253 4500 | ||
|---|---|---|---|
| 082 | |a 807.1 |b V500NH | ||
| 100 | |a Vũ Nho | ||
| 245 | |a Một số vấn đề về đổi mới phương pháp dạy học môn Ngữ văn lớp 8 |c Vũ Nho, Nguyễn Thúy Hồng | ||
| 260 | |a H. |b Hà Nội |c 2004 | ||
| 300 | |a 60 tr. |c 24 cm. | ||
| 520 | |a v.v... | ||
| 653 | |a Văn học | ||
| 653 | |a Ngữ văn | ||
| 653 | |a Lớp 8 | ||
| 653 | |a Đổi mới | ||
| 653 | |a Phương pháp dạy học | ||
| 942 | |2 ddc |c STK0 | ||
| 999 | |c 8983 |d 8983 | ||
| 952 | |0 0 |1 0 |2 ddc |4 0 |6 807_100000000000000_V500NH |7 0 |8 800 |9 73686 |a qbu |b qbu |c D5 |d 2015-05-04 |g 12000 |o 807.1 V500NH |p 8436.c1 |r 0000-00-00 |w 2015-05-04 |y STK0 |0 0 |6 807_100000000000000_V500NH | ||
| 952 | |0 0 |1 0 |2 ddc |4 0 |6 807_100000000000000_V500NH |7 0 |8 800 |9 73687 |a qbu |b qbu |c D5 |d 2015-05-04 |g 12000 |o 807.1 V500NH |p 8436.c2 |r 0000-00-00 |w 2015-05-04 |y STK0 |0 0 |6 807_100000000000000_V500NH | ||
| 952 | |0 0 |1 0 |2 ddc |4 0 |6 807_100000000000000_V500NH |7 0 |8 800 |9 73688 |a qbu |b qbu |c D5 |d 2015-05-04 |g 12000 |o 807.1 V500NH |p 8436.c3 |r 0000-00-00 |w 2015-05-04 |y STK0 |0 0 |6 807_100000000000000_V500NH | ||
| 952 | |0 0 |1 0 |2 ddc |4 0 |6 807_100000000000000_V500NH |7 0 |8 800 |9 73689 |a qbu |b qbu |c D5 |d 2015-05-04 |g 12000 |o 807.1 V500NH |p 8436.c4 |r 0000-00-00 |w 2015-05-04 |y STK0 |0 0 |6 807_100000000000000_V500NH | ||
| 952 | |0 0 |1 0 |2 ddc |4 0 |6 807_100000000000000_V500NH |7 0 |8 800 |9 73690 |a qbu |b qbu |c D5 |d 2015-05-04 |g 12000 |o 807.1 V500NH |p 8436.c5 |r 0000-00-00 |w 2015-05-04 |y STK0 |0 0 |6 807_100000000000000_V500NH | ||
| 952 | |0 0 |1 0 |2 ddc |4 0 |6 807_100000000000000_V500NH |7 0 |8 800 |9 73691 |a qbu |b qbu |c D5 |d 2015-05-04 |g 12000 |o 807.1 V500NH |p 8436.c6 |r 0000-00-00 |w 2015-05-04 |y STK0 |0 0 |6 807_100000000000000_V500NH | ||